Movilidad individual y oportunidades de empleo en la ciudad de México /
Uloženo v:
| Hlavní autor: | |
|---|---|
| Médium: | Text |
| Témata: | |
| Tagy: |
Přidat tag
Žádné tagy, Buďte první, kdo vytvoří štítek k tomuto záznamu!
|
MARC
| LEADER | 00000 a a2200000 04500 | ||
|---|---|---|---|
| 001 | 44148 | ||
| 003 | |||
| 040 | |||
| 100 | |a Contreras Suárez, Enrique | ||
| 245 | |a Movilidad individual y oportunidades de empleo en la ciudad de México / |c Enrique Contreras Suárez | ||
| 650 | |a EMPLEO | ||
| 650 | |a OPORTUNIDADES DE EMPLEO | ||
| 650 | |a OCUPACIONES | ||
| 650 | |a MIGRANTES | ||
| 650 | |a MEXICO | ||
| 650 | |a MOVILIDAD DE LA MANO DE OBRA | ||
| 773 | |g volumen34, número2 (1974), páginas 297-341 | ||
| 999 | |c 21191 |d 21191 | ||
